000 00496cam a2200205ua 4500
001 5488
008 121102n ii |||gr||||Z||||||eng
020 _a978-81-269-1455-5
020 _a978-81-269-1457-9(set)
040 _cMAIN
082 _a339
100 _aGupta, K.R.,
_eAuthor.
245 1 1 _aAdvanced macroeconomics
_cby K.R. Gupta
250 _bV. I.
260 _aNew Delhi:
_bAtlantic,
_c2010.
300 _av, 640p.
653 _aEconomics
653 _aMacroeconomics
942 _cBK
999 _c4667
_d4667